000
00216 a2200097 4500
001
48293
100
_a
Thill erich
245
_a
The soviet far east
260
_a
London
_b
Methuen and Co ltd
_c
090
_c
31245
_d
31245
942
_a
NUST-CAE
_c
_c
23609
999
_c
283366
_d
283366